| 000 | 00815nam a2200265 a 4500 | ||
|---|---|---|---|
| 008 | |||
| 020 | _a9780073529646 (pbk.) | ||
| 049 | _aMAIN | ||
| 090 |
_aRA776 _bCOR |
||
| 245 | 1 | 0 |
_aCore concepts in health / _b[edited by] Paul M. Insel and Walton T. Roth; Kirstan Price, developmental editor. |
| 250 | _a10th ed update. | ||
| 260 |
_aBoston : _bMcGraw-Hill Companies, _c2005. |
||
| 300 |
_axxiv, 433 [70] p. : _bill. ; _c30 cm. |
||
| 500 | _aIncludes index. | ||
| 504 | _aIncludes bibliographical references. | ||
| 650 | 1 | _aHealth | |
| 700 | _aPrice, Kirstan. | ||
| 700 | _aRoth, Walton T. | ||
| 700 | _aInsel, Paul M. | ||
| 907 |
_a.b1028896x _b30-01-14 _c04-01-11 |
||
| 003 | |||
| 005 | 20230120204038.0 | ||
| 040 | _cNUST | ||
| 942 |
_cBOOKS _kRA776 _mCOR |
||
| 999 |
_c116144 _d116144 |
||